[Event "Titled Tuesday intern op 22nd Nov Late"]
[Site "Chess.com INT"]
[Date "2022.11.22"]
[Round "6"]
[White "Fernandez de La Vara, Arnaldo"]
[Black "Musovic, Armin"]
[Result "1-0"]
[WhiteElo "2462"]
[BlackElo "2276"]
[PlyCount "88"]
[EventDate "2022.11.22"]
[EventType "swiss (blitz)"]
[EventRounds "11"]
[EventCountry "USA"]
[SourceTitle "CBM 211 Extra"]
[Source "ChessBase"]
[SourceDate "2023.01.31"]
[SourceVersion "1"]
[SourceVersionDate "2023.01.31"]
[SourceQuality "1"]

1. Nf3 Nf6 2. g3 g6 3. b3 Bg7 4. Bb2 0-0 5. Bg2 d5 6. c4 c6 7. 0-0 e6 8. Nc3 Re8 9. d4 Nbd7 10. Nd2 dxc4 11. Nxc4 Nb6 12. Ne5 Nfd7 13. f4 f6 14. Nd3 Nf8 15. e3 Nd5 16. Qd2 b6 17. Ne2 Ba6 18. Rfd1 Rc8 19. Rac1 h5 20. e4 Ne7 21. Nb4 Bb7 22. h3 a5 23. Nd3 Qd7 24. Qe3 Red8 25. g4 hxg4 26. hxg4 e5 27. dxe5 Qxg4 28. exf6 Nf5 29. exf5 c5 30. Qg3 Qxe2 31. Bxb7 Rc7 32. fxg7 Rxb7 33. gxf8Q+ Kxf8 34. Bf6 Rd6 35. Be5 Rd5 36. Nf2 Rbd7 37. Rxd5 Rxd5 38. Qxg6 Rd2 39. Bd6+ Rxd6 40. Qxd6+ Kg7 41. Qg6+ Kf8 42. Qf6+ Kg8 43. Qe6+ Kf8 44. Qxe2 Kg7 1-0

[Event "Titled Tuesday intern op 22nd Nov Late"]
[Site "Chess.com INT"]
[Date "2022.11.22"]
[Round "1"]
[White "Fernandez de La Vara, Arnaldo"]
[Black "Polster, Christian"]
[Result "1-0"]
[WhiteElo "2462"]
[BlackElo "2235"]
[PlyCount "25"]
[EventDate "2022.11.22"]
[EventType "swiss (blitz)"]
[EventRounds "11"]
[EventCountry "USA"]
[SourceTitle "CBM 211 Extra"]
[Source "ChessBase"]
[SourceDate "2023.01.31"]
[SourceVersion "1"]
[SourceVersionDate "2023.01.31"]
[SourceQuality "1"]

1. Nf3 d5 2. g3 Nf6 3. Bg2 c5 4. 0-0 Nc6 5. d4 e6 6. c4 Be7 7. Nc3 dxc4 8. dxc5 Qxd1 9. Rxd1 Bxc5 10. Bg5 Be7 11. Rac1 Bd7 12. Nb5 Rc8 13. Rxc4 1-0

[Event "Titled Tuesday intern op 15th Nov Early"]
[Site "Chess.com INT"]
[Date "2022.11.15"]
[Round "6"]
[White "Fernandez de La Vara, Arnaldo"]
[Black "Afonasieva, Anna"]
[Result "1-0"]
[WhiteElo "2462"]
[BlackElo "2147"]
[PlyCount "81"]
[EventDate "2022.11.15"]
[EventType "swiss (blitz)"]
[EventRounds "11"]
[EventCountry "USA"]
[SourceTitle "CBM 211 Extra"]
[Source "ChessBase"]
[SourceDate "2023.01.31"]
[SourceVersion "1"]
[SourceVersionDate "2023.01.31"]
[SourceQuality "1"]

1. Nf3 g6 2. g3 Bg7 3. Bg2 d6 4. d4 Nf6 5. b3 0-0 6. Bb2 Nbd7 7. c4 Re8 8. 0-0 c6 9. Nc3 Qc7 10. Qc2 e5 11. e4 exd4 12. Nxd4 Nc5 13. Rfe1 a5 14. Rad1 Be6 15. h3 h5 16. f4 a4 17. Kh2 axb3 18. axb3 Na6 19. f5 Bd7 20. fxg6 fxg6 21. Nf3 Nb4 22. Qd2 Ra5 23. Ne2 c5 24. Nf4 Kh7 25. Ng5+ Kg8 26. Nxg6 Ra3 27. Bxa3 Nc6 28. Bb2 Nd4 29. Nf3 Nxe4 30. Rxe4 Rxe4 31. Nxd4 Re8 32. Nf3 Bf5 33. Qg5 Qf7 34. Nf4 Bc2 35. Rxd6 Bxb3 36. Bxg7 Bc2 37. Bb2+ Kf8 38. Rf6 Ke7 39. Rxf7+ Kxf7 40. Qf6+ Kg8 41. Qg7# 1-0

[Event "Titled Tuesday intern op 15th Nov Early"]
[Site "Chess.com INT"]
[Date "2022.11.15"]
[Round "2"]
[White "Fernandez de La Vara, Arnaldo"]
[Black "Andreikin, Dmitry"]
[Result "0-1"]
[WhiteElo "2462"]
[BlackElo "2729"]
[PlyCount "70"]
[EventDate "2022.11.15"]
[EventType "swiss (blitz)"]
[EventRounds "11"]
[EventCountry "USA"]
[SourceTitle "CBM 211 Extra"]
[Source "ChessBase"]
[SourceDate "2023.01.31"]
[SourceVersion "1"]
[SourceVersionDate "2023.01.31"]
[SourceQuality "1"]

1. Nf3 Nf6 2. g3 b5 3. Bg2 Bb7 4. 0-0 e6 5. b3 a5 6. c4 b4 7. d4 g6 8. Nbd2 Bg7 9. Qc2 0-0 10. e4 c5 11. Bb2 cxd4 12. Nxd4 Nc6 13. Nb5 d6 14. Rfd1 Qe7 15. Rac1 Rfd8 16. h3 Nd7 17. Nf1 Bxb2 18. Qxb2 Nc5 19. Ne3 a4 20. Ng4 e5 21. Ne3 axb3 22. Nd5 Qf8 23. axb3 Na5 24. f4 Naxb3 25. fxe5 Bxd5 26. exd5 Nxc1 27. Qxc1 dxe5 28. d6 Ra2 29. Qe3 Ne6 30. c5 Ra5 31. Bf1 Rb8 32. Nc7 Nxc7 33. dxc7 Rc8 34. Qxe5 Rxc5 35. Qxc5 Qxc5+ 0-1

[Event "Titled Tuesday intern op 15th Nov Late"]
[Site "Chess.com INT"]
[Date "2022.11.15"]
[Round "10"]
[White "Fernandez de La Vara, Arnaldo"]
[Black "Indjic, Aleksandar"]
[Result "0-1"]
[WhiteElo "2462"]
[BlackElo "2631"]
[PlyCount "64"]
[EventDate "2022.11.15"]
[EventType "swiss (blitz)"]
[EventRounds "11"]
[EventCountry "USA"]
[SourceTitle "CBM 211 Extra"]
[Source "ChessBase"]
[SourceDate "2023.01.31"]
[SourceVersion "1"]
[SourceVersionDate "2023.01.31"]
[SourceQuality "1"]

1. Nf3 c5 2. g3 Nc6 3. Bg2 e5 4. c4 Nf6 5. Nc3 g6 6. d3 Bg7 7. Bg5 h6 8. Bxf6 Bxf6 9. 0-0 0-0 10. Ne1 Bg7 11. Nc2 f5 12. Rb1 d6 13. b4 e4 14. Qd2 g5 15. dxe4 f4 16. Rfd1 Be6 17. Nb5 Qf6 18. Nc7 fxg3 19. fxg3 Rad8 20. Ne3 Nd4 21. Rf1 Qe5 22. bxc5 dxc5 23. Nxe6 Nf3+ 24. Rxf3 Rxd2 25. Nxf8 Bxf8 26. Rxb7 Rxa2 27. Bh3 Rxe2 28. Ng4 Qd4+ 29. Kh1 Re1+ 30. Bf1 Rxf1+ 31. Rxf1 Qxe4+ 32. Kg1 Qxb7 0-1

[Event "Titled Tuesday intern op 15th Nov Early"]
[Site "Chess.com INT"]
[Date "2022.11.15"]
[Round "10"]
[White "Grandelius, Nils"]
[Black "Fernandez de La Vara, Arnaldo"]
[Result "1-0"]
[WhiteElo "2657"]
[BlackElo "2462"]
[PlyCount "73"]
[EventDate "2022.11.15"]
[EventType "swiss (blitz)"]
[EventRounds "11"]
[EventCountry "USA"]
[SourceTitle "CBM 211 Extra"]
[Source "ChessBase"]
[SourceDate "2023.01.31"]
[SourceVersion "1"]
[SourceVersionDate "2023.01.31"]
[SourceQuality "1"]

1. c4 c5 2. Nf3 Nc6 3. e3 Nf6 4. Nc3 g6 5. d4 cxd4 6. exd4 d5 7. cxd5 Nxd5 8. Qb3 Nxc3 9. Bc4 Nd5 10. Bxd5 e6 11. Bxc6+ bxc6 12. 0-0 Qd5 13. Qc3 Bd6 14. Bg5 0-0 15. Rac1 Bb7 16. Qe3 f6 17. Bf4 Be7 18. b3 Rac8 19. Rfe1 Rf7 20. Qxe6 Rd8 21. Qxd5 Rxd5 22. Be3 Bb4 23. Red1 Rfd7 24. Bd2 Bxd2 25. Rxd2 c5 26. Rcd1 cxd4 27. Rxd4 Rxd4 28. Nxd4 a5 29. f3 a4 30. bxa4 Bc6 31. a5 Ba4 32. Rd3 Rd5 33. Kf2 Kf7 34. a6 Rd7 35. a7 Rxa7 36. Ra3 Ke7 37. Nc6+ 1-0